Quiz sull'Italia - Statistics

Statistiche generali
  • Questo quiz è stato fatto 315 volte
  • Il punteggio medio è 21 su 25
Statistiche sulle risposte
DOMANDA RISPOSTA % Corretto
Capitale Roma
100%
Valuta Euro
98%
Paesi confinanti Francia
97%
Fiume più lungo d'Italia Po
97%
Paesi confinanti Svizzera
97%
Un vulcano d'Italia Vesuvio/Etna/Stromboli/Vulcano
97%
Numero regioni italiane 20
96%
Paesi confinanti Austria
96%
La città della moda Milano
95%
Regione più grande Sicilia
95%
Paesi confinanti San Marino
94%
Presidente della Repubblica oggi Sergio Mattarella
93%
Paesi confinanti Slovenia
93%
Regione più piccola Valle d'Aosta
93%
Cibo per eccellenza italiano Pizza
92%
Unica regione che non tocca mari o stati Umbria
92%
Paesi confinanti Vaticano
91%
Mare su cui si affaccia il Veneto Adriatico
90%
Catena Montuosa più lunga Appennini
89%
I Pici sono un tipo di _____ Pasta
72%
Numero Principi Fondamentali della Costituzione 12
58%
Quarto re di Roma Anco Marzio
47%
Ha scritto la tragedia dell'Adelchi Manzoni
40%
Anno creazione Statuto Albertino 1848
37%
L'Italia è il paese con più siti __________ __________ al mondo Patrimonio dell'Unesco
33%
Nessun quiz corrispondente trovato
Distribuzione punteggi
Percentuale di utenti per punteggio
Percentile per numero di risposta
I tuoi punteggi nel tempo
Non hai fatto questo quiz